000 00470nam a2200181Ia 4500
001 1789
005 20260306143754.0
008 260306t2007||||xx |||||||||||||| ||spa||
041 _aESP
082 _a155.4
_bO63
100 _aOrdóñez Legarda, María del Carmen
_eAUT
245 0 _aEstimulación temprana:
_binteligencia emocional y cognitiva
260 _c2007
300 _a600 páginas :
_c28 cm.
650 _aGEN
654 _aCPS
942 _cLIB
_dJUS
_fJUS
_2ddc
_n
999 _c1789
_d1789